000 00853nam a2200253Ia 4500
003 OSt
005 20220925200454.0
006 a|||||r|||| 00| 0
007 ta
008 220923b |||||||| |||| 00| 0 eng d
020 _a9781107056091
_c633.25
037 _bIN568, 20/03/2014, Bharatiya Sahitya Bhavana
_cGeneral Book
040 _aRTL
_cRTL
_beng
041 _2eng
_aeng
082 _aY5927:434.2, Q4
100 _aJUDGE Paramjit S
_9257645
245 0 _aMapping social exclusion in India
_b Caste, religion and borderlands
260 _aDelhi
_bCambridge University Press
_c2014
300 _aviii, 290p
_ccm.
490 _aEuropean Perspectives Series
650 _aSociology
942 _hY5927:434.2, Q4
_cGB
_2CC
999 _c536752
_d536752